A Comparison of the Warren and Burger Courts

Guardado en:  
Detalles Bibliográficos
Autor principal: Johnston, Richard E. (Autor)
Tipo de documento: Print Artículo
Lenguaje:Inglés
Publicado: Western Political Science Association 1974
En:Enthalten in: Annual Meeting of the Western Political Science Association
Verificar disponibilidad: HBZ Gateway
Palabras clave:

MARC

LEADER 00000caa a22000002c 4500
001 1912487896
003 DE-627
005 20250129055013.0
007 tu
008 241217s1974 xx ||||| 00| ||eng c
035 |a (DE-627)1912487896 
035 |a (DE-599)KXP1912487896 
040 |a DE-627  |b ger  |c DE-627  |e rda 
041 |a eng 
084 |a 2,1  |2 ssgn 
100 1 |a Johnston, Richard E.  |e VerfasserIn  |4 aut 
245 1 2 |a A Comparison of the Warren and Burger Courts 
264 1 |b Western Political Science Association  |c 1974 
336 |a Text  |b txt  |2 rdacontent 
337 |a ohne Hilfsmittel zu benutzen  |b n  |2 rdamedia 
338 |a Band  |b nc  |2 rdacarrier 
655 4 |a Konferenzschrift ; 1974 ; Denver, CO 
773 0 8 |i Enthalten in  |t Annual Meeting of the Western Political Science Association 
787 0 8 |i Forschungsdaten  |a Spaeth, Harold J.  |t United States Supreme Court Judicial Database, 1953-1997 Terms  |d [Erscheinungsort nicht ermittelbar] : [Verlag nicht ermittelbar], 1990  |w (DE-627)1840065907 
935 |a mkri 
951 |a AR 
ELC |b 1 
LOK |0 000 xxxxxcx a22 zn 4500 
LOK |0 001 4637453399 
LOK |0 003 DE-627 
LOK |0 004 1912487896 
LOK |0 005 20241217044237 
LOK |0 008 241217||||||||||||||||ger||||||| 
LOK |0 035   |a (DE-2619)ICPSR16029 
LOK |0 040   |a DE-2619  |c DE-627  |d DE-2619 
LOK |0 092   |o n 
LOK |0 852   |a DE-2619 
LOK |0 852 1  |9 00 
LOK |0 935   |a uvkn  |a nacp 
LOK |0 939   |a 17-12-24  |b l01 
ORI |a SA-MARC-krimdoka001.raw